Law, war and crime : war crimes trials and the reinvention of international law / (Record no. 9187)
[ view plain ]
| 000 -LEADER | |
|---|---|
| fixed length control field | 00841nac a22002531u 4500 |
| 010 ## - LIBRARY OF CONGRESS CONTROL NUMBER | |
| LC control number | 013589900 |
| 020 ## - INTERNATIONAL STANDARD BOOK NUMBER | |
| International Standard Book Number | 9780745630229 (hbk.) |
| 022 ## - INTERNATIONAL STANDARD SERIAL NUMBER | |
| International Standard Serial Number | 0745630227 (hbk.) |
| 022 ## - INTERNATIONAL STANDARD SERIAL NUMBER | |
| International Standard Serial Number | 9780745630236 (pbk.) |
| 022 ## - INTERNATIONAL STANDARD SERIAL NUMBER | |
| International Standard Serial Number | 0745630235 (pbk.) |
| 082 ## - DEWEY DECIMAL CLASSIFICATION NUMBER | |
| Classification number | 341.6901 |
| Item number | SIM |
| 090 ## - LOCALLY ASSIGNED LC-TYPE CALL NUMBER (OCLC); LOCAL CALL NUMBER (OCLC) | |
| -- | 9187 |
| -- | 9187 |
| 100 ## - MAIN ENTRY--PERSONAL NAME | |
| Personal name | Simpson, Gerry J. |
| 245 ## - TITLE STATEMENT | |
| Title | Law, war and crime : war crimes trials and the reinvention of international law / |
| Statement of responsibility, etc | Gerry Simpson. |
| 260 ## - PUBLICATION, DISTRIBUTION, ETC. (IMPRINT) | |
| Place of publication, distribution, etc | Cambridge : |
| Name of publisher, distributor, etc | Polity, C.2007. |
| Date of publication, distribution, etc | C.2007. |
| 300 ## - PHYSICAL DESCRIPTION | |
| Extent | ix, 225 p. ; |
| Other physical details | 24 cm. |
| 500 ## - GENERAL NOTE | |
| General note | Formerly CIP. Uk |
| 500 ## - GENERAL NOTE | |
| General note | Distributer: Academic Bookshop. |
| 504 ## - BIBLIOGRAPHY, ETC. NOTE | |
| Bibliography, etc | Includes bibliographical references and index. |
| 511 ## - PARTICIPANT OR PERFORMER NOTE | |
| Participant or performer note | Catalogued By: Mahitab. |
| 650 ## - SUBJECT ADDED ENTRY--TOPICAL TERM | |
| Topical term or geographic name as entry element | War crimes. |
| 650 ## - SUBJECT ADDED ENTRY--TOPICAL TERM | |
| Topical term or geographic name as entry element | War crime trials. |
| 942 ## - ADDED ENTRY ELEMENTS (KOHA) | |
| Item type | Book - Borrowing |
| Call number prefix | 341.6901 SIM |
| Withdrawn status | Item status | Damaged status | Not for loan | Home library | Current library | Shelving location | Date acquired | Source of acquisition | Total Checkouts | Total Renewals | Full call number | Barcode | Checked out | Date last seen | Date last borrowed | Koha item type |
|---|---|---|---|---|---|---|---|---|---|---|---|---|---|---|---|---|
| Central Library | Central Library | First floor | 17/04/2008 | Purchase | 5 | 18 | 341.6901 SIM | 000011264 | 22/09/2019 | 27/09/2016 | 27/09/2016 | Book - Borrowing |